000 00647nam a2200241Ia 4500
003 OSt
005 20220924121231.0
006 a|||||r|||| 00| 0
007 ta
008 220923b |||||||| |||| 00| 0 urd d
024 _a323593
037 _cTextual
040 _aARTS
_cARTS
_burd
041 _2urd
_aurd
082 _aY72:1, 168J6
100 _aShujat Fatima Au.
_9184865
245 0 _aIbtedai samaji insaniyat
260 _aHyderabad
_bAnjuman taraqqi Urdu India
_c1956
300 _a151p.
_ccm.
650 _aSOCIOLOGY
942 _hY72:1, 168J6
_cTEXL
_2CC
999 _c406499
_d406499